Fundamentos de administración de inventarios (Registro nro. 3442)
[ vista simple ]
| 000 -Cabecera | |
|---|---|
| Campo de control de longitud fija | 00868aam a2200313 4500 |
| 005 - Fecha y hora de la última transacción | |
| Campo de control | 20260116132618.0 |
| 008 - Elementos de longitud fija--Información general | |
| Campo de control de longitud fija | 150227b2004 xxu||||| |||| 00| 0 eng d |
| 020 ## - International Standard Book Number | |
| Número Internacional Estándar del Libro (ISBN) | 9580484570 |
| 041 ## - Idioma | |
| Código de idioma | Español |
| 082 ## - Clasificación Decimal Dewey | |
| Número de clasificación | 658.787 M958f |
| 100 ## - Entrada principal--Autor personal | |
| Nombre personal | Muller, Max |
| 9 (RLIN) | 29172 |
| 245 ## - Título propiamente dicho | |
| Título | Fundamentos de administración de inventarios |
| 260 ## - Pie de imprenta | |
| Lugar de publicación, distribución, etc. | Colombia |
| 260 ## - Pie de imprenta | |
| Nombre del editor, distribuidor, etc. | Norma |
| 260 ## - Pie de imprenta | |
| Fecha de publicación, distribución, etc. | 2004 |
| 300 ## - Descripción física | |
| Extensión | 249 páginas |
| 650 ## - Materia general | |
| Temática (materia general) | CONTRO DE INVENTARIO |
| 650 ## - Materia general | |
| Temática (materia general) | INVENTARIOS |
| 650 ## - Materia general | |
| Temática (materia general) | TIPOS DE ARTÍCULOS DE INVENTARIO |
| 650 ## - Materia general | |
| Temática (materia general) | INVENTARIO OBSOLETO |
| 650 ## - Materia general | |
| Temática (materia general) | SISTEMAS DE ZONIFICACIÓN |
| 650 ## - Materia general | |
| Temática (materia general) | ADMINISTRACIÓN DE MATERIALES |
| 650 ## - Materia general | |
| Temática (materia general) | GESTIÓN DE EXISTENCIAS |
| 650 ## - Materia general | |
| Temática (materia general) | TIPOS DE INVENTARIO |
| 650 ## - Materia general | |
| Temática (materia general) | CONTROL DE INVENTARIOS |
| 650 ## - Materia general | |
| Temática (materia general) | CODIFICACIÓN DE BARRAS |
| 650 ## - Materia general | |
| Temática (materia general) | PROTECCIÓN DE INVENTARIOS |
| 942 ## - Punto de acceso adicional KOHA | |
| Tipo de ítem KOHA | Libro |
| Fuente del sistema de clasificación o colocación | Dewey Decimal Classification |
| Signatura completa | Código de barras | Programa Académico | Tipo de ítem |
|---|---|---|---|
| 658.787 M958f | 2060 | Dirección y Administración de Empresas | Libro |
| 658.787 M958f | 12450 | Dirección y Administración de Empresas | Libro |